000 00621nam a2200229Ia 4500
003 OSt
005 20220928104311.0
006 a|||||r|||| 00| 0
007 ta
008 220927b |||||||| |||| 00| 0 eng d
024 _a37748
037 _cTextual
040 _aSDCL
_cSDCL
_beng
041 _2eng
_aeng
082 _aQ68L6.3'M5, M4
100 _aHempton David
_9409902
245 0 _aMethodism and politics in British society 1750-1850.
260 _aLondon
_bHutchinson
_c1984
300 _a276p.
_ccm.
942 _hQ68L6.3'M5, M4
_cTEXL
_2CC
999 _c725481
_d725481